[Event "Titled Tue 10th Jun Late"]
[Site "chess.com INT"]
[Date "2025.06.10"]
[Round "7"]
[White "Avramidou, Anastasia"]
[Black "Brezis, Ari"]
[Result "1-0"]
[WhiteTitle "FM"]
[BlackTitle "CM"]
[WhiteElo "2294"]
[BlackElo "2179"]
[WhiteFideId "4239873"]
[BlackFideId "2858541"]
[EventDate "2025.06.10"]

1. Nf3 d5 2. d4 Nf6 3. c4 e6 4. Nc3 Be7 5. Bf4 O-O 6. e3 Nbd7 7. Qc2 a6 8. cxd5
exd5 9. Bd3 c6 10. h3 Re8 11. O-O-O Nf8 12. g4 b5 13. Ne5 Bb7 14. h4 N6d7 15.
Nxd7 Qxd7 16. h5 Rac8 17. g5 Qd8 18. g6 c5 19. gxf7+ Kxf7 20. Bxh7 cxd4 21. Rxd4
Bf6 22. Bg6+ Kg8 23. Bxe8 Qxe8 24. h6 Bxd4 25. exd4 Qg6 26. hxg7 Qxc2+ 27. Kxc2
Ng6 28. Be5 Nxe5 29. Rh8+ Kxg7 30. Rxc8 Bxc8 31. dxe5 Bf5+ 32. Kd2 d4 33. Nd5 a5
34. Nc7 b4 35. Nb5 d3 36. Nd4 Bd7 37. Kxd3 Kf7 38. f4 Ke7 39. f5 Be8 40. Kc4 Bd7
41. Kc5 Be8 42. Nc6+ Bxc6 43. Kxc6 a4 44. Kc5 a3 45. bxa3 bxa3 46. Kb4 1-0

[Event "Titled Tue 10th Jun Late"]
[Site "chess.com INT"]
[Date "2025.06.10"]
[Round "7"]
[White "Montejo Bello, Lorena Beatriz"]
[Black "Sobek, Jaroslav"]
[Result "1-0"]
[WhiteTitle "WFM"]
[BlackTitle "FM"]
[WhiteElo "2090"]
[BlackElo "2195"]
[WhiteFideId "3529045"]
[BlackFideId "301388"]
[EventDate "2025.06.10"]

1. e4 c5 2. Nf3 a6 3. c4 Nc6 4. d4 cxd4 5. Nxd4 e5 6. Nf5 d5 7. cxd5 Bxf5 8.
exf5 Nd4 9. Bd3 Qxd5 10. O-O Nf6 11. Nc3 Qd6 12. Re1 Be7 13. Ne4 Nxe4 14. Bxe4
O-O 15. Bxb7 Rad8 16. Be3 Qb6 17. Be4 Qxb2 18. Qb1 Rb8 19. Qxb2 Rxb2 20. Bd3 Bf6
21. Bxd4 exd4 22. Bxa6 h6 23. Bd3 Ra8 24. a4 Ra5 25. Bb5 h5 26. Rad1 Ra7 27. h3
Kh7 28. g4 hxg4 29. hxg4 Kh6 30. Rf1 Kg5 31. f3 Kf4 32. Rf2 Rb4 33. Re1 Ra8 34.
Re4+ Kg5 35. Kg2 1-0

[Event "Titled Tue 10th Jun Late"]
[Site "chess.com INT"]
[Date "2025.06.10"]
[Round "7"]
[White "Yazici, Ugur Doga"]
[Black "Stemmler, Fabian"]
[Result "1-0"]
[WhiteTitle "CM"]
[BlackTitle "CM"]
[WhiteElo "2161"]
[BlackElo "2190"]
[WhiteFideId "6363342"]
[BlackFideId "12964808"]
[EventDate "2025.06.10"]

1. e4 e6 2. Nc3 d5 3. Nf3 Nf6 4. Bd3 dxe4 5. Nxe4 Be7 6. O-O O-O 7. Re1 Nbd7 8.
Nxf6+ Nxf6 9. Bf1 b6 10. d4 Bb7 11. c3 c5 12. dxc5 Bxc5 13. Bg5 Qxd1 14. Raxd1
Bxf3 15. gxf3 Rfd8 16. Bxf6 gxf6 17. Ba6 Kf8 18. Kf1 Ke7 19. Ke2 Rxd1 20. Rxd1
Rd8 21. Rg1 Bd6 22. Rg4 Bxh2 23. Rh4 Be5 24. Rxh7 Bf4 25. Bd3 f5 26. Rh4 Be5 27.
Ra4 a5 28. Rc4 Rd6 29. a4 Kf6 30. f4 Bxf4 31. Rxf4 e5 32. Rxf5+ Ke6 33. Rh5 f6
34. Bc4+ Ke7 35. Rh7+ Kd8 36. Bb5 Kc8 37. Ke3 Kb8 38. Rf7 Kc8 39. b3 Kb8 40. Rd7
Re6 41. Ke4 f5+ 42. Kxf5 Rh6 43. Kxe5 Rh3 44. f4 Rxc3 45. f5 Rxb3 46. f6 Re3+
47. Kd6 Rf3 48. f7 Ka8 49. Bc6+ Kb8 50. Bxf3 1-0

[Event "Titled Tue 10th Jun Late"]
[Site "chess.com INT"]
[Date "2025.06.10"]
[Round "7"]
[White "Yanev, Tihomir"]
[Black "Rajaram, Rohan"]
[Result "0-1"]
[WhiteTitle "IM"]
[BlackTitle "CM"]
[WhiteElo "2354"]
[BlackElo "2164"]
[WhiteFideId "2910110"]
[BlackFideId "30940729"]
[EventDate "2025.06.10"]

1. b3 e5 2. Bb2 d6 3. e3 Nf6 4. d4 exd4 5. Qxd4 Be7 6. Nf3 c5 7. Qd1 Nc6 8. c4
O-O 9. Nc3 Bf5 10. Be2 Qd7 11. O-O Rad8 12. Nh4 Bg4 13. h3 Be6 14. f4 Ne4 15.
Nxe4 Bxh4 16. Bf3 Bf5 17. Nc3 Bg6 18. Nd5 Rfe8 19. Qd2 Qf5 20. e4 Rxe4 21. Bxe4
Qxe4 22. g3 Bxg3 23. Qc3 Nd4 24. Rae1 Bxe1 25. Rxe1 Nf3+ 26. Kf2 Qxe1+ 27. Qxe1
Nxe1 28. Kxe1 Be4 29. Ne3 Re8 30. Kf2 f5 31. Nf1 Kf7 32. Nd2 g6 33. Nf3 Bxf3 34.
Kxf3 Re1 35. Bc3 Rc1 36. Bd2 Rc2 37. Be3 Rxa2 0-1

[Event "Titled Tue 10th Jun Late"]
[Site "chess.com INT"]
[Date "2025.06.10"]
[Round "7"]
[White "Bukreev, Stanislav"]
[Black "Sieciechowicz, Marcin"]
[Result "0-1"]
[WhiteTitle "FM"]
[BlackTitle "IM"]
[WhiteElo "2305"]
[BlackElo "2413"]
[WhiteFideId "34252347"]
[BlackFideId "1130170"]
[EventDate "2025.06.10"]

1. d4 Nf6 2. c4 b6 3. Nf3 Bb7 4. g3 Bxf3 5. exf3 e6 6. Bg2 Bb4+ 7. Bd2 Bxd2+ 8.
Qxd2 O-O 9. O-O d5 10. f4 Nc6 11. Nc3 Ne7 12. Rfd1 Nf5 13. Rac1 Nd6 14. cxd5
exd5 15. Nxd5 Nxd5 16. Bxd5 Rb8 17. Bc6 Qf6 18. Qe3 Rfd8 19. Qe5 a5 20. Qxf6
gxf6 21. Kg2 Kf8 22. Rd2 Nf5 23. Rcd1 Rd6 24. Be4 Ne7 25. Kf3 Rbd8 26. Ke3 Nd5+
27. Bxd5 Rxd5 28. Ke4 f5+ 29. Ke3 Ke7 30. b3 R8d6 31. Rc1 Kd7 32. Rdc2 c6 33.
Rc4 Re6+ 34. Kf3 Red6 35. Ke3 Re6+ 36. Kd3 Red6 37. Kc3 b5 38. Rc5 Rxc5+ 39.
dxc5 b4+ 40. Kc2 Rd5 41. Rd1 Rxd1 42. Kxd1 Ke6 43. Kc2 Kd5 44. Kd3 Kxc5 45. f3
Kd5 46. g4 c5 47. h4 c4+ 48. bxc4+ Kc5 49. g5 a4 50. h5 a3 51. Kd2 Kxc4 52. Kc2
b3+ 53. axb3+ Kb4 54. h6 a2 55. Kb2 a1=Q+ 56. Kxa1 Kxb3 57. Kb1 Kc3 58. Kc1 Kd3
59. Kd1 Ke3 60. Ke1 Kxf3 61. g6 fxg6 0-1

[Event "Titled Tue 10th Jun Late"]
[Site "chess.com INT"]
[Date "2025.06.10"]
[Round "7"]
[White "Wang, Michael"]
[Black "Haddouche, Mohamed"]
[Result "0-1"]
[BlackTitle "GM"]
[WhiteElo "1868"]
[BlackElo "2490"]
[WhiteFideId "30920531"]
[BlackFideId "7900660"]
[EventDate "2025.06.10"]

1. e4 e5 2. Nf3 d6 3. d4 exd4 4. Nxd4 Nf6 5. Nc3 Be7 6. g3 d5 7. e5 Ng4 8. f4
Nc6 9. Be2 Nh6 10. Bf3 Nxd4 11. Qxd4 c6 12. b3 f6 13. Bb2 Nf5 14. Qd3 fxe5 15.
fxe5 O-O 16. O-O-O Be6 17. Ne2 Bg5+ 18. Kb1 Ne3 19. Nd4 Bf7 20. Rdf1 Bg6 21. Qc3
Qe7 22. h4 c5 23. hxg5 cxd4 24. Qxd4 Nxf1 25. Rxf1 Kh8 26. Qxd5 Rad8 27. Qa5 b6
28. Qb5 Rd2 29. Bd1 Rc8 30. Re1 Rxd1+ 31. Rxd1 Bxc2+ 32. Kc1 Bxd1+ 33. Kxd1 Qxg5
34. Qa6 Rd8+ 35. Kc2 Qd2+ 36. Kb1 Qd3+ 37. Qxd3 Rxd3 38. Kc2 Rxg3 39. Kd2 Kg8 0-1

[Event "Titled Tue 10th Jun Late"]
[Site "chess.com INT"]
[Date "2025.06.10"]
[Round "7"]
[White "Cori Quispe, Kevin Joel"]
[Black "Askarov, Bakhtiyar"]
[Result "0-1"]
[WhiteTitle "GM"]
[BlackTitle "IM"]
[WhiteElo "2464"]
[BlackElo "2297"]
[WhiteFideId "3814017"]
[BlackFideId "13701100"]
[EventDate "2025.06.10"]

1. d4 Nf6 2. c4 g6 3. Nc3 Bg7 4. e4 d6 5. h3 O-O 6. Be3 e5 7. d5 a5 8. g4 Na6 9.
Nge2 Nc5 10. Ng3 c6 11. Qd2 cxd5 12. cxd5 Bd7 13. f3 a4 14. h4 Qa5 15. h5 Rfc8
16. Rc1 a3 17. b3 Nxb3 18. axb3 Rxc3 19. Qxc3 Qxc3+ 20. Rxc3 a2 21. Rc1 a1=Q 22.
Rxa1 Rxa1+ 23. Kf2 Rb1 24. h6 Bf8 25. Bc4 Rb2+ 26. Be2 Rxb3 27. Ra1 Ne8 28. Ra8
Be7 29. g5 f6 30. Nf1 fxg5 31. Nd2 Rb4 32. Nc4 Kf7 33. Bd2 Rb3 34. Bd1 Rb1 35.
Bc2 Rh1 36. Nb6 Rh2+ 37. Ke1 Bb5 38. Kd1 g4 0-1

[Event "Titled Tue 10th Jun Late"]
[Site "chess.com INT"]
[Date "2025.06.10"]
[Round "7"]
[White "Unver, Cumayi"]
[Black "Castillo Pena, Patricia Evarista"]
[Result "0-1"]
[BlackTitle "WFM"]
[WhiteElo "2012"]
[BlackElo "1909"]
[WhiteFideId "6304940"]
[BlackFideId "6412106"]
[EventDate "2025.06.10"]

1. d4 d5 2. Nc3 Nf6 3. Bf4 a6 4. e3 Bf5 5. Nf3 c5 6. Bd3 Bxd3 7. cxd3 cxd4 8.
Nxd4 Nbd7 9. Nf3 e6 10. O-O Be7 11. h3 O-O 12. Rc1 Rc8 13. Qb3 b5 14. Ne2 Qb6
15. Ned4 Nc5 16. Qd1 Na4 17. Qe2 Rfd8 18. Ne5 Bd6 19. Nec6 Bxf4 20. Nxd8 Rxc1
21. Rxc1 Qxd8 22. exf4 h6 23. b3 Nb6 24. Qe5 Nbd7 25. Qc7 Qe7 26. Qc8+ Kh7 27.
Qxa6 Qb4 28. Nf3 Qxf4 29. Re1 b4 30. Qb5 Nf8 31. d4 Qd6 32. Rc1 Ng6 33. Rc6 Qf4
34. Qxb4 Nh4 35. Nxh4 Qxh4 36. Qd2 Ne4 37. Qe3 Qf6 38. Rc2 Qg6 0-1

[Event "Titled Tue 10th Jun Late"]
[Site "chess.com INT"]
[Date "2025.06.10"]
[Round "7"]
[White "Quinones Garcia, Santiago"]
[Black "Bustelo, Tabare"]
[Result "0-1"]
[WhiteTitle "FM"]
[BlackTitle "CM"]
[WhiteElo "2259"]
[BlackElo "2043"]
[WhiteFideId "4408497"]
[BlackFideId "3000362"]
[EventDate "2025.06.10"]

1. d4 c5 2. d5 d6 3. Nc3 Nf6 4. e4 g6 5. Nf3 Bg7 6. Nd2 O-O 7. Nc4 Na6 8. Be2
Nc7 9. a4 Rb8 10. a5 b5 11. axb6 axb6 12. O-O b5 13. Na5 Bd7 14. Nc6 Bxc6 15.
dxc6 b4 16. Nd5 e6 17. Nxf6+ Bxf6 18. Ra7 d5 19. Bf4 e5 20. Be3 d4 21. Bc1 Qd6
22. Bc4 Qxc6 23. f4 Qb6 24. Ra1 Qd6 25. Qf3 Bg7 26. fxe5 Bxe5 27. Bxf7+ Kh8 28.
Qh3 c4 29. Bh6 d3 30. cxd3 cxd3 31. Bxf8 Rxf8 32. Rad1 d2 33. Bd5 Rxf1+ 34. Kxf1
Qf6+ 35. Qf3 Bxb2 36. Rxd2 Nb5 37. Qf4 Qxf4+ 0-1

[Event "Titled Tue 10th Jun Late"]
[Site "chess.com INT"]
[Date "2025.06.10"]
[Round "7"]
[White "Skramstad, Oda Kofoed"]
[Black "Panin, Mikhail"]
[Result "0-1"]
[WhiteTitle "WCM"]
[BlackTitle "CM"]
[WhiteElo "1898"]
[BlackElo "2255"]
[WhiteFideId "1564862"]
[BlackFideId "34164992"]
[EventDate "2025.06.10"]

1. d4 Nf6 2. c4 g6 3. Nc3 Bg7 4. e4 d6 5. Nf3 O-O 6. Be2 Re8 7. O-O Nc6 8. d5
Nb4 9. a3 Na6 10. Qc2 e6 11. Re1 exd5 12. exd5 Nc5 13. Bg5 Bf5 14. Qd1 h6 15.
Bh4 g5 16. Bg3 Nfe4 17. Nd4 Bxd4 18. Qxd4 Nb3 19. Qd1 Nxa1 20. Qxa1 Nxc3 21.
bxc3 Qf6 22. Qc1 Re7 23. Bf1 Rae8 24. Rxe7 Qxe7 25. Qb2 Qe1 26. f3 Qb1 27. Qd2
Bg6 28. h4 Qf5 29. hxg5 hxg5 30. Qd4 b6 31. Qd2 f6 32. Bf2 Kf7 33. Bd4 Qc2 34.
Qf2 Qxf2+ 35. Bxf2 Bf5 36. Bd4 g4 37. Kf2 gxf3 38. gxf3 Rh8 39. Bg2 Bh3 40. Bh1
Bd7 41. Bg2 Ba4 42. Kg3 Rg8+ 43. Kf2 Bd7 44. Bf1 Bf5 45. Ke2 Rh8 46. Bg2 Rh2 47.
Kf1 Bd3+ 48. Kg1 Rh7 49. Bf1 Bxf1 50. Kxf1 Rh1+ 51. Kf2 Ra1 52. Be3 Ra2+ 53. Kg3
Rxa3 54. Bd4 Ra4 55. Kf4 Rxc4 56. Ke3 a5 57. Kd3 b5 58. Kd2 Rxd4+ 59. cxd4 Kg6
60. Ke3 Kf5 61. Kd3 Kf4 62. Kc3 Kxf3 0-1

[Event "Titled Tue 10th Jun Late"]
[Site "chess.com INT"]
[Date "2025.06.10"]
[Round "7"]
[White "Dambaev, Dashi"]
[Black "Vifleemskaia, Svetlana"]
[Result "0-1"]
[WhiteTitle "CM"]
[BlackTitle "WFM"]
[WhiteElo "2211"]
[BlackElo "1942"]
[WhiteFideId "55628494"]
[BlackFideId "4129490"]
[EventDate "2025.06.10"]

1. d4 Nf6 2. c4 e6 3. Nf3 Bb4+ 4. Bd2 Qe7 5. g3 a5 6. Bg2 Nc6 7. O-O Bxd2 8.
Qxd2 d6 9. Nc3 O-O 10. h3 Bd7 11. e4 e5 12. d5 Nb4 13. Rab1 Na6 14. Rfc1 Nc5 15.
b3 Ncxe4 16. Nxe4 Nxe4 17. Qe3 Nc5 18. a3 a4 19. b4 Nb3 20. Rc3 b6 21. Re1 f5
22. Rc2 Rae8 23. Rce2 Qf7 24. Ng5 Qg6 25. Nf3 f4 26. gxf4 exf4 27. Qc3 Rxe2 28.
Rxe2 Bxh3 29. Nh4 Qg4 30. Qf3 Qxf3 31. Nxf3 Bd7 32. Re7 Rf7 33. Re4 h6 34. Kf1
g5 35. Ke1 Kf8 36. Nd4 Re7 37. Rxe7 Kxe7 38. Nxb3 axb3 39. Kd2 Bf5 40. Kc3 Bc2
41. a4 g4 42. a5 Kd7 43. a6 Kc8 44. b5 Kb8 0-1

[Event "Titled Tue 10th Jun Late"]
[Site "chess.com INT"]
[Date "2025.06.10"]
[Round "7"]
[White "Yevchenko, Oleksandr"]
[Black "Danila, Tudor-Gabriel"]
[Result "0-1"]
[WhiteTitle "CM"]
[BlackTitle "CM"]
[WhiteElo "2276"]
[BlackElo "2178"]
[WhiteFideId "14108267"]
[BlackFideId "1274244"]
[EventDate "2025.06.10"]

1. c4 Nf6 2. Nc3 e6 3. e4 d5 4. e5 d4 5. exf6 dxc3 6. bxc3 Qxf6 7. Nf3 e5 8. Bd3
Nc6 9. O-O Bd6 10. Be4 O-O 11. d4 exd4 12. Bg5 Qe6 13. Bd5 Qd7 14. cxd4 h6 15.
Be3 Ne7 16. Be4 c6 17. Re1 Qg4 18. h3 Qxe4 19. c5 Bf4 20. Bxf4 Qxf4 21. Rxe7 Qf6
22. Qe2 b5 23. Re1 Be6 24. Rc7 Bd5 25. Ne5 Rfc8 26. Rb7 a5 27. Qg4 Bxa2 28. Nd7
Qg6 29. Qxg6 fxg6 30. Nb6 Rab8 31. Ra7 Re8 32. Ra1 Bf7 33. R1xa5 Red8 34. Nd7
Rbc8 35. Ne5 Bd5 36. Rb7 Rb8 37. Re7 Ra8 38. Rxa8 Rxa8 39. Nxg6 Rb8 40. Re2 b4
41. Ne5 b3 42. Nd3 Bc4 0-1

[Event "Titled Tue 10th Jun Late"]
[Site "chess.com INT"]
[Date "2025.06.10"]
[Round "7"]
[White "Gattani, Sarthak"]
[Black "Silva, Luca"]
[Result "1-0"]
[BlackTitle "FM"]
[WhiteElo "1944"]
[BlackElo "2211"]
[WhiteFideId "30995965"]
[BlackFideId "147370"]
[EventDate "2025.06.10"]

1. d4 Nf6 2. c4 e6 3. Nf3 c5 4. d5 exd5 5. cxd5 d6 6. Nc3 g6 7. e4 Bg7 8. Nd2
O-O 9. Be2 a6 10. a4 Re8 11. f3 Nh5 12. O-O f5 13. Nc4 f4 14. Qe1 Bd4+ 15. Kh1
Qg5 16. g4 Nf6 17. Nxd6 Rf8 18. Nxc8 Rxc8 19. h4 Qe5 20. Kg2 Nbd7 21. Bc4 h5 22.
g5 Ne8 23. Rb1 Nd6 24. Bd3 c4 25. Bc2 b5 26. Ne2 Rf8 27. Nxd4 Qxd4 28. Qf2 Qe5
29. Bd2 Nc5 30. Qxc5 Rfc8 31. Qf2 Rab8 32. Bc3 Qe7 33. e5 Nf5 34. Bxf5 gxf5 35.
e6 b4 36. Be5 Rb7 37. Rbd1 c3 38. bxc3 bxc3 39. Rc1 Rb2 40. Qxb2 cxb2 41. Rxc8+
Kh7 42. Rh8+ Kg6 43. Bxb2 Qf6 44. Bxf6 a5 45. Rh6# 1-0

[Event "Titled Tue 10th Jun Late"]
[Site "chess.com INT"]
[Date "2025.06.10"]
[Round "7"]
[White "Harshal, Shahi"]
[Black "Donoso Aguirre, Maximiliano"]
[Result "0-1"]
[WhiteTitle "FM"]
[BlackTitle "CM"]
[WhiteElo "2143"]
[BlackElo "2050"]
[WhiteFideId "5048257"]
[BlackFideId "3458920"]
[EventDate "2025.06.10"]

1. e4 e5 2. d4 exd4 3. Qxd4 Nc6 4. Qc4 Nf6 5. Nc3 Bb4 6. Bd2 Bxc3 7. Bxc3 O-O 8.
O-O-O Re8 9. f3 d6 10. Kb1 Qe7 11. g4 Ne5 12. Qe2 Nfxg4 13. fxg4 Bxg4 14. Qd2
Bxd1 15. Qxd1 Ng6 16. Bd3 Rad8 17. Nf3 d5 18. exd5 Rxd5 19. h4 Nf4 20. Qg1 g6
21. h5 Rxh5 22. Rxh5 Nxh5 23. Qd4 f6 24. Qd5+ Kg7 25. Qxb7 Nf4 26. b3 Nxd3 27.
cxd3 Qd6 28. Qb5 c6 29. Qb7+ Re7 30. Qa6 Re3 31. Qxa7+ Re7 0-1

[Event "Titled Tue 10th Jun Late"]
[Site "chess.com INT"]
[Date "2025.06.10"]
[Round "7"]
[White "Morris-Suzuki, Alan H"]
[Black "Sharankov, Grigory"]
[Result "1-0"]
[BlackTitle "CM"]
[WhiteElo "1987"]
[BlackElo "2238"]
[WhiteFideId "30933218"]
[BlackFideId "4168356"]
[EventDate "2025.06.10"]

1. e4 c6 2. Nc3 d5 3. Nf3 g6 4. d4 Bg7 5. h3 dxe4 6. Nxe4 Nf6 7. Nxf6+ exf6 8.
Bc4 O-O 9. O-O Nd7 10. c3 Nb6 11. Bb3 Re8 12. Bf4 Be6 13. Bc2 Qd7 14. a4 Nc4 15.
b3 Nd6 16. Qd2 Bf5 17. a5 Ne4 18. Bxe4 Bxe4 19. Ne1 c5 20. dxc5 Qe6 21. c4 Rad8
22. Qe2 Qc6 23. Be3 f5 24. Rd1 Rxd1 25. Qxd1 f4 26. Bxf4 Qxc5 27. Qd2 Bc6 28.
Be3 Qa3 29. b4 a6 30. Nd3 Rd8 31. Rd1 Ba4 32. Bb6 Rd7 33. Qe2 Bf8 34. Qe8 Re7
35. Qd8 Bxd1 36. Bc5 Qa1 37. Bxe7 1-0

[Event "Titled Tue 10th Jun Late"]
[Site "chess.com INT"]
[Date "2025.06.10"]
[Round "7"]
[White "Chueca Forcen, Alberto"]
[Black "Saez Coma, Alejandro"]
[Result "1-0"]
[WhiteTitle "IM"]
[BlackTitle "CM"]
[WhiteElo "2292"]
[BlackElo "2167"]
[WhiteFideId "2269902"]
[BlackFideId "32004818"]
[EventDate "2025.06.10"]

1. c4 Nf6 2. Nc3 c6 3. e4 e5 4. Nf3 d6 5. d4 exd4 6. Nxd4 Be7 7. Be2 O-O 8. Be3
Nbd7 9. O-O a5 10. Nf5 Nc5 11. Nxe7+ Qxe7 12. f3 b6 13. Qd2 Ba6 14. Rfd1 Rad8
15. b3 Bb7 16. Qc2 h6 17. a3 Qc7 18. b4 axb4 19. axb4 Ne6 20. Na4 c5 21. bxc5
dxc5 22. Rab1 Nd7 23. Nc3 Nd4 24. Qb2 Bc6 25. Nd5 Bxd5 26. cxd5 Nxe2+ 27. Qxe2
Rb8 28. Rb5 Rfc8 29. Qc4 Ne5 30. Qc3 Qd6 31. f4 Ng4 32. Bc1 c4 33. Bb2 Qf8 34.
h3 Nf6 35. e5 Nd7 36. e6 Nc5 37. Qxc4 fxe6 38. dxe6 Re8 39. Rd7 1-0

[Event "Titled Tue 10th Jun Late"]
[Site "chess.com INT"]
[Date "2025.06.10"]
[Round "7"]
[White "Ernst, Luca"]
[Black "Amarasinghe, A A C B"]
[Result "1-0"]
[WhiteTitle "FM"]
[BlackTitle "CM"]
[WhiteElo "2215"]
[BlackElo "1922"]
[WhiteFideId "45117055"]
[BlackFideId "9901809"]
[EventDate "2025.06.10"]

1. Nf3 Nf6 2. g3 b6 3. Bg2 Bb7 4. O-O e6 5. c4 c5 6. Nc3 Be7 7. d3 O-O 8. e4 d6
9. d4 cxd4 10. Nxd4 Qc8 11. Be3 a6 12. Rc1 Nbd7 13. h3 Qc7 14. b4 Rac8 15. Nb3
Qb8 16. Qe2 Qa8 17. Nd2 Rfe8 18. Na4 Bd8 19. Qd3 Bc7 20. Nc3 Ne5 21. Qe2 b5 22.
cxb5 d5 23. b6 Bd6 24. exd5 exd5 25. a3 d4 26. Bxb7 Qxb7 27. Bxd4 Nc4 28. Qf3
Qxf3 29. Nxf3 Nxa3 30. Rfd1 Bxb4 31. Na4 Nb5 32. Be3 1-0

[Event "Titled Tue 10th Jun Late"]
[Site "chess.com INT"]
[Date "2025.06.10"]
[Round "7"]
[White "Marchand, Calix"]
[Black "Hercegovac, Neven"]
[Result "1-0"]
[BlackTitle "FM"]
[WhiteElo "2108"]
[BlackElo "2215"]
[WhiteFideId "2640856"]
[BlackFideId "2839135"]
[EventDate "2025.06.10"]

1. b3 h6 2. Bb2 a6 3. e4 e6 4. Qe2 c5 5. Nf3 b5 6. a4 b4 7. g3 Bb7 8. Bg2 Nf6 9.
d3 Be7 10. Nbd2 O-O 11. e5 Nd5 12. h4 Nc6 13. Ne4 d6 14. O-O-O dxe5 15. Nxe5 Nd4
16. Qg4 f5 17. Qg6 Nf6 18. Bxd4 Qxd4 19. Nxf6+ Rxf6 20. Bxb7 Rxg6 21. Nxg6 Rb8
22. Bxa6 Bf6 23. Bc4 Qb2+ 24. Kd2 Bc3+ 25. Ke2 Qxc2+ 26. Kf3 Bd4 27. Rhf1 Kh7
28. h5 e5 29. Be6 e4+ 30. Kg2 e3 31. Rc1 Qxd3 32. Nf4 Qe4+ 33. f3 Qe5 34. Rc2
Re8 35. Bf7 e2 36. Re1 Re7 37. Rcxe2 Qxf4 38. Bg6+ Kg8 39. gxf4 1-0

[Event "Titled Tue 10th Jun Late"]
[Site "chess.com INT"]
[Date "2025.06.10"]
[Round "7"]
[White "Zepeda Berlanga, Jan Enrique"]
[Black "Shi, Roger V"]
[Result "0-1"]
[WhiteTitle "CM"]
[WhiteElo "1984"]
[BlackElo "2137"]
[WhiteFideId "5132355"]
[BlackFideId "30980119"]
[EventDate "2025.06.10"]

1. e4 e5 2. Nf3 Nc6 3. Bc4 Bc5 4. d3 Nf6 5. Nc3 a5 6. Be3 Ba7 7. O-O d6 8. Bxa7
Rxa7 9. Re1 O-O 10. a3 Bg4 11. h3 Bh5 12. Ne2 Bxf3 13. gxf3 Nh5 14. Kh2 Qf6 15.
Ng3 Nf4 16. Ne2 Kh8 17. c3 Qh4 18. Nxf4 Qxf4+ 19. Kg2 f5 20. Qe2 Rf6 21. Rh1 Ne7
22. h4 Ng6 23. Qe3 Qxe3 24. fxe3 Ra8 25. h5 Ne7 26. Raf1 Raf8 27. Rh3 c6 28.
exf5 Nxf5 29. f4 d5 30. Bb3 g6 31. Bd1 gxh5 32. Bxh5 Kg7 33. Kf3 h6 34. Rg1+ Kh7
35. fxe5 Re6 36. Ke2 c5 37. Rf3 Rxe5 38. Rgf1 Rf6 39. R3f2 Ng3+ 40. Kd2 Nxf1+ 0-1

[Event "Titled Tue 10th Jun Late"]
[Site "chess.com INT"]
[Date "2025.06.10"]
[Round "7"]
[White "Mishra, Abhimanyu"]
[Black "Moskalenko, Alexander"]
[Result "1/2-1/2"]
[WhiteTitle "GM"]
[BlackTitle "GM"]
[WhiteElo "2611"]
[BlackElo "2422"]
[WhiteFideId "30920019"]
[BlackFideId "4155351"]
[EventDate "2025.06.10"]

1. Nf3 d5 2. c4 c6 3. e3 Nf6 4. d4 e6 5. Bd3 Nbd7 6. b3 Bb4+ 7. Nbd2 O-O 8. O-O
b6 9. Bb2 Bb7 10. Qe2 Qe7 11. e4 dxe4 12. Nxe4 Ba3 13. Bxa3 Qxa3 14. Ne5 Qe7 15.
Rad1 Rad8 16. Rfe1 c5 17. Nxd7 Rxd7 18. Nxf6+ Qxf6 19. dxc5 Rfd8 20. cxb6 axb6
21. Bb1 g6 22. Rxd7 Rxd7 23. Rd1 Qe5 24. Qf1 Rd4 25. Rxd4 Qxd4 26. Qe2 h5 27. h3
e5 28. Qd3 Qa1 29. Kh2 e4 30. Qd8+ Kg7 31. Qxb6 Qe5+ 32. g3 h4 33. Qxb7 hxg3+
34. Kg2 Qf4 35. Qb6 Qf3+ 36. Kg1 Qd1+ 37. Kg2 gxf2 38. Qxf2 Qxb1 39. c5 Qd3 40.
c6 e3 41. Qb2+ Kh7 42. Qf6 Qd2+ 43. Kg3 Qe1+ 44. Kg2 Qd2+ 45. Kg3 e2 46. Qxf7+
Kh6 47. Qf8+ Kh7 48. Qe7+ Kh6 49. Qh4+ Kg7 50. Qe7+ Kh6 51. Qf8+ Kh7 52. Qf7+
Kh8 53. Qf8+ Kh7 1/2-1/2

[Event "Titled Tue 10th Jun Late"]
[Site "chess.com INT"]
[Date "2025.06.10"]
[Round "7"]
[White "Shandrygin, Nikita"]
[Black "Zlatin, Alexander"]
[Result "1-0"]
[WhiteTitle "FM"]
[BlackTitle "FM"]
[WhiteElo "2209"]
[BlackElo "2313"]
[WhiteFideId "24198668"]
[BlackFideId "2810549"]
[EventDate "2025.06.10"]

1. e4 e6 2. d4 d5 3. Nd2 dxe4 4. Nxe4 Nf6 5. Nxf6+ Qxf6 6. Nf3 h6 7. Be3 Bd6 8.
Bd3 Nc6 9. Nd2 O-O 10. Ne4 Qe7 11. c3 f5 12. Nxd6 cxd6 13. d5 f4 14. dxc6 fxe3
15. fxe3 Qh4+ 16. g3 Qg5 17. Qe2 bxc6 18. O-O-O e5 19. Bc4+ d5 20. Rxd5 cxd5 21.
Bxd5+ Kh8 22. Bxa8 Bg4 23. h4 Qf5 24. Qg2 Qd3 25. Re1 Bf5 26. e4 Bg4 27. Bd5 Bf3
28. Qd2 Qxd2+ 29. Kxd2 g5 30. hxg5 hxg5 31. Rf1 g4 32. c4 Kg7 33. c5 Rh8 34. c6
Kf6 35. c7 Ke7 36. Rc1 Rh2+ 37. Ke3 Re2+ 38. Kd3 Kd6 39. c8=Q Rxb2 40. Qc7# 1-0

[Event "Titled Tue 10th Jun Late"]
[Site "chess.com INT"]
[Date "2025.06.10"]
[Round "7"]
[White "Anhwere, Bernard"]
[Black "Liu, Jason"]
[Result "0-1"]
[WhiteTitle "CM"]
[BlackTitle "CM"]
[WhiteElo "1906"]
[BlackElo "2125"]
[WhiteFideId "12600580"]
[BlackFideId "2514656"]
[EventDate "2025.06.10"]

1. d4 e6 2. c4 b6 3. Nf3 Bb7 4. g3 f5 5. Bg2 Nf6 6. O-O g6 7. Nc3 Bg7 8. d5 O-O
9. Nd4 e5 10. Ndb5 d6 11. b4 Nbd7 12. a4 a5 13. Ba3 Re8 14. bxa5 Rxa5 15. Bb4
Ra8 16. a5 Ba6 17. axb6 Nxb6 18. Qb3 Qd7 19. Ra2 Bxb5 20. cxb5 Rxa2 21. Qxa2 Ra8
22. Qb3 e4 23. e3 Ng4 24. h3 Ne5 25. Rd1 Nd3 26. Bf1 Nxb4 27. Qxb4 h5 28. Ne2
Ra4 29. Qb3 Be5 30. Nd4 Bxd4 31. Rxd4 Rxd4 32. exd4 Qf7 33. Bc4 f4 34. Qc2 fxg3
35. fxg3 Qf3 36. Bf1 Qxg3+ 37. Bg2 Qe3+ 38. Kh1 Nxd5 39. Bxe4 Qxh3+ 40. Kg1 Qg3+
41. Kh1 Nf4 42. Bc6 Nh3 0-1